Rome: notes d'histoire et d'art

Saved in:
Bibliographic Details
Main Author: Paléologue, Maurice (auteur)
Format: Book
Language:French
Published: París Librairie Plon 1928
Subjects:
Tags: Add Tag
No Tags, Be the first to tag this record!

MARC

LEADER 00000nam a2200000 a 4500
001 UCZ0280
003 CL-VaPUC
008 950728e19280000FR |||||||||||||||||fre|d
082 0 4 |a 937  |b PAL  |2 21 
100 |a Paléologue, Maurice  |e auteur  |9 342999 
245 1 0 |a Rome: notes d'histoire et d'art 
300 |a 351 p 
942 |c BK 
945 |d 19950728 00:00:00  |a awong 
260 |a París  |b Librairie Plon  |c 1928 
650 0 |a Arte antiguo  |9 330766 
650 0 |a Historia  |9 255047 
651 0 |a Roma   |9 255106 
583 |a last modification  |c 19950728 00:00:00  |k Rodrigo Vera 
999 |c 237235  |d 237233 
952 |0 0  |1 0  |4 0  |6 937_000000000000000_PAL_1928  |7 0  |8 A  |9 246111  |a BIBART  |b BIBART  |d 2019-11-18  |i 3107671  |o 937 PAL 1928  |p 3107671  |r 2025-03-13  |w 2019-11-18  |y BK  |k ART